Resident Evil - Personnages jouables par images - Statistiques

Statistiques générales
  • Ce quiz a été pris 6 fois
  • Le résultat moyen est 11 sur 13
Statistiques - réponses
Par images Réponse % Correct
Ada Wong
100%
Chris Redfield
100%
Claire Redfield
100%
Grace Ashcroft
100%
Jill Valentine
100%
Leon Scott Kennedy
100%
Ashley Graham
80%
Rebecca Chambers
80%
Rosemary Winters
80%
Billy Coen
60%
Emily
60%
Sherry Birkin
60%
Sheva Alomar
60%
Aucun quiz correspondant
Distribution des résultats
% des personnes avec chaque résultat
Percentile par nombre de réponses
Votre historique - résultats
Vous n’avez pas pris ce quiz